Score 0/203 Timer 10:00
0 Plays Today
Lyrics % Correct
a
97%
a
97%
a
97%
a
97%
I
96%
I
96%
I
96%
I
96%
Temptation
92%
Temptation
92%
Temptation
92%
Temptation
92%
Temptation
92%
Temptation
92%
Temptation
92%
temptation
92%
temptation
92%
temptation
92%
Temptation
92%
Temptation
92%
Temptation
92%
Temptation
92%
Temptation
92%
Temptation
92%
Temptation
92%
Temptation
92%
temptation
92%
to
90%
to
90%
to
90%
an
90%
be
90%
to
90%
to
90%
to
90%
to
90%
and
89%
and
89%
and
89%
(You
87%
you
87%
(You
87%
no
86%
can
86%
it
86%
it)
86%
it)
86%
no
86%
it)
86%
it
86%
that
85%
that
85%
that
85%
on
83%
can't
82%
can't
82%
can't
82%
I've
81%
I've
81%
been
80%
by
80%
it's
80%
(It's
80%
the
80%
by
80%
by
80%
by
80%
by
80%
Lyrics % Correct
the
80%
it's
80%
it's
80%
It's
80%
never
79%
high
79%
your
79%
But
76%
too
76%
higher
76%
higher)
76%
(But
76%
(But
76%
feeling
74%
of
74%
for
74%
for
74%
We
73%
keep
73%
like
73%
this
73%
(Keep
73%
Keep
73%
Keep
73%
Keep
73%
tried
72%
Leave
72%
leave
72%
Leave
72%
understand
71%
late
71%
is
71%
got
71%
me
71%
is
71%
got
71%
me)
71%
me
71%
hand
68%
living
68%
living)
68%
closer
67%
take
67%
Every
67%
Every
67%
or
66%
hesitate
65%
now
65%
Step
65%
step
65%
away
65%
Step
65%
step
65%
away
65%
now)
65%
now)
65%
believe
64%
have
64%
day
64%
day
64%
break
64%
day
64%
day
64%
break
64%
certain
63%
another's
63%
make
63%
in
63%
Lyrics % Correct
us
62%
us
62%
us
62%
(All
61%
Don't
60%
You've
60%
cannot
60%
let's
60%
(You've
60%
look
59%
offer
59%
back
58%
just
58%
one
58%
just
58%
desire)
57%
ignored
57%
second
56%
trace
56%
face
56%
second
56%
So
55%
head
55%
yours
55%
Hide
55%
from
55%
from
55%
from
55%
better
54%
home
54%
Everything
53%
counts,
53%
counts,
53%
get
53%
million
50%
you're
47%
(You're
47%
shot)
46%
track
45%
(With
44%
cost
44%
Carved
40%
creatures)
40%
going
40%
(Give
40%
find
39%
up
39%
hot
39%
climbing
37%
features)
37%
time
37%
(Trying
35%
coming)
32%
(Adorable
31%
(Trouble
31%
behind
30%
breakdown)
30%
think
29%
right
29%
unacceptable
27%
tonight
25%
(Put
20%
shakedown)
20%
slot)
18%
(Because
17%
fake
13%
dime
12%
Remove Ads.
Support Sporcle.
Get the best of Sporcle when you Go Orange. This ad-free experience offers more features, more stats, and more fun while also helping to support Sporcle. Thank you for becoming a member.

You're not logged in!

Compare scores with friends on all Sporcle quizzes.
OR
Log In

Show Comments

Extras

Top Quizzes Today


Score Distribution

Your Account Isn't Verified!

In order to create a playlist on Sporcle, you need to verify the email address you used during registration. Go to your Sporcle Settings to finish the process.

Report this User

Report this user for behavior that violates our Community Guidelines.

Details: